Dobrodružství /
Dobrodružný příběh, vydaný poprvé roku 1911, je situovaný do plantážnického prostředí na Šalamounových ostrovech. Kruté otroctví, lidožrouté, bitvy a nebezpečí na moři...
Uloženo v:
| Hlavní autor: | |
|---|---|
| Médium: | E-kniha |
| Jazyk: | Czech |
| Vydáno: |
Praha :
Artis,
2021
|
| Tagy: |
Žádné tagy |
| LEADER | 01077nam a22002297i 4500 | ||
|---|---|---|---|
| 001 | 311342 | ||
| 007 | ta | ||
| 008 | 260601s2021 xr ||||| |||| 00| 0 cze d | ||
| 020 | |a 9990003238962 | ||
| 044 | |a xr | ||
| 100 | 1 | |a London, Jack |4 aut | |
| 245 | 1 | 0 | |a Dobrodružství / |c London, Jack |
| 264 | 1 | |a Praha : |b Artis, |c 2021 | |
| 300 | |a 1 online zdroj (187 stran) | ||
| 336 | |a text |b txt |2 rdacontent | ||
| 337 | |a bez média |b n |2 rdamedia | ||
| 338 | |a online zdroj |b cr |2 rdacarrier | ||
| 520 | 2 | |a Dobrodružný příběh, vydaný poprvé roku 1911, je situovaný do plantážnického prostředí na Šalamounových ostrovech. Kruté otroctví, lidožrouté, bitvy a nebezpečí na moři... | |
| 910 | |a RBIT002 | ||
| 998 | |d 323896 |a https://core.palmknihy.cz/api/books/323896/cover?qtnom4 |b https://core.palmknihy.cz/api/books/323896/cover/400?qtnom4 |c https://core.palmknihy.cz/api/books/323896/cover/50?qtnom4 |e 2099-01-01 |g 187 |i 9990003238962 |j https://core.palmknihy.cz/api/books/323896/preview.epub |l |q 49 |r 1 |s https://www.palmknihy.cz/kniha/323896 |t ebook |y 2021 |z 1 | ||
| 999 | |d 311340 | ||